50 Most Followed Twitch Streamers - Statistics

General Stats
  • This quiz has been taken 175 times
  • The average score is 6 of 50
Answer Stats
Followers Streamer % Correct
16.2 Kai Cenat
81%
19.2 Ninja
54%
12.0 xQc
48%
9.4 Pokimane
41%
6.7 Caseoh_
28%
7.0 Jynxzi
27%
17.2 Ibai
22%
11.3 Tfue
19%
7.2 AdinRoss
17%
8.0 Clix
15%
6.2 Dream
13%
5.5 Moistcr1tikal
12%
11.1 Shroud
12%
5.5 NickEh30
11%
15.6 Rubius
11%
16.7 Auronplay
10%
7.2 TimTheTatman
10%
7.2 Myth
9%
5.1 Squeezie
9%
6.2 AMOURANTH
8%
4.9 GeorgeNotFound
8%
12.2 TheGrefg
8%
7.3 Tommyinnit
8%
6.7 NICKMERCS
7%
5.5 Bugha
6%
6.4 Quackity
6%
7.1 SypherPK
6%
7.1 Mongraal
5%
7.0 AriGameplays
4%
6.4 ESLCS
4%
6.0 Fortnite
4%
5.4 MontanaBlack88
4%
7.3 Riot Games
4%
9.0 Sodapoppin
4%
6.3 Summit1g
4%
5.3 Tubbo
4%
5.6 Elded
3%
10.3 ElMariana
3%
9.6 ElSpreen
3%
11.5 Juansguarnizo
3%
5.3 Loltyler1
3%
6.5 Rivers_gg
3%
5.8 Robleis
3%
7.5 Alanzoka
2%
4.9 Carreraaa
2%
7.4 Heelmike
2%
5.7 Loud_Coringa
2%
4.7 QuackityToo
2%
4.8 SLAKUN10
2%
4.7 ELRAENN
1%
No matching quizzes found
Score Distribution
Percent of People with Each Score
Percentile by Number Answered
Your Score History
You have not taken this quiz